000 00249nam a2200097Ia 4500
001 702998
005 20250826162343.0
008 250824s9999 xx 000 0 und d
245 0 _aYAŞLI ADAM VE DENİZ
_cERNEST HEMİNGWAY
260 _bBİLGİ YAYINLARI
999 _c702998
_d702998